000 01232pam a2200289 a 4500
999 _c7792
_d7792
001 2470303
003 OSt
005 20220304121421.0
008 900215s1990 enka b 100 0 eng
010 _a 90032861
020 _a0198532148 :
_c$26.25 (U.S.)
040 _aDLC
_cDDC
_dDLC
082 0 0 _a511.6.FIN.1990
245 0 0 _aFinite geometries, buildings, and related topics /
_cedited by William M. Kantor ... [et al.].
260 _aOxford :
_bClarendon Press ;
_aNew York :
_bOxford University Press,
_cc1990.
300 _axii, 159 p. :
_bill. ;
_c24 cm.
504 _aIncludes bibliographical references.
650 0 _aBuildings (Group theory)
_xCongresses.
_915871
650 0 _aFinite groups
_xCongresses.
_915872
650 0 _aGraph theory
_xCongresses.
_915873
700 1 _aKantor, W. M.
_q(William M.),
_d1944-
_915874
856 4 2 _3Publisher description
_uhttp://www.loc.gov/catdir/enhancements/fy0638/90032861-d.html
856 4 1 _3Table of contents only
_uhttp://www.loc.gov/catdir/enhancements/fy0638/90032861-t.html
906 _a7
_bcbc
_corignew
_d1
_eocip
_f19
_gy-gencatlg
942 _2ddc
_cO_SHELF